000 00516nam a2200169Ia 4500
999 _c19495
_d19495
003 OSt
005 20200713120755.0
008 190216s9999||||xx |||||||||||||| ||und||
020 _a0706904869
040 _coclc
082 _a301.5920954483
_bJEF/D
100 _aJeffrey, Robin
_91767
245 4 _aThe Decline Of Nair Dominance /
_cRobin Jeffrey
260 _bVikas Publishing House,
_c1976.
_aNew Delhi:
300 _a376p
942 _cBK
_2ddc
_h301.5920954483
_iJEF/D
_k301.5920954483
_mJEF/D